Top-notch essays and letters for high school, college & competitive examinations / (Record no. 56576)

MARC details
000 -LEADER
fixed length control field 00960nam a22002657a 4500
005 - DATE AND TIME OF LATEST TRANSACTION
control field 2011091300350.0
008 - FIXED-LENGTH DATA ELEMENTS--GENERAL INFORMATION
fixed length control field 110913t xxu||||| |||| 00| 0 eng d
010 ## - LCCN (DPL NO)
LC control number ENG-103679
020 ## - INTERNATIONAL STANDARD BOOK NUMBER
International Standard Book Number 9788190992619
Terms of availability 110.00
035 ## - SYSTEM CONTROL NUMBER
System control number EN-87212
037 ## - SOURCE OF ACQUISITION
Source of stock number/acquisition DBAD/PUB
040 ## - CATALOGING SOURCE
Original cataloging agency DPL
Language of cataloging Eng
082 00 - DEWEY DECIMAL CLASSIFICATION NUMBER
Classification number 485
100 1# - MAIN ENTRY--PERSONAL NAME
Personal name Moharana, Bankim Chandra
9 (RLIN) 34724
245 10 - TITLE STATEMENT
Title Top-notch essays and letters for high school, college & competitive examinations /
Statement of responsibility, etc by Bankim Chandra Moharana [and] Ajoy Kumar Panda
250 ## - EDITION STATEMENT
Edition statement thoroughly rev. & enl. ed
260 ## - PUBLICATION, DISTRIBUTION, ETC. (IMPRINT)
Place of publication, distribution, etc Bhadrak
Name of publisher, distributor, etc Phoenix Publication
Date of publication, distribution, etc 2009
270 ## - ADDRESS
Address Basudevpur
City Bhadrak
Postal code 756125
300 ## - PHYSICAL DESCRIPTION
Extent 339p.
Dimensions 22cm (pbk)
650 #0 - SUBJECT ADDED ENTRY--TOPICAL TERM
9 (RLIN) 34725
700 ## - ADDED ENTRY--PERSONAL NAME
9 (RLIN) 34727
Personal name Panda, Ajoy Kumar
942 ## - ADDED ENTRY ELEMENTS (KOHA)
Source of classification or shelving scheme Dewey Decimal Classification
Item type English Books
Classification part 485
Call number suffix MOH
Holdings
Withdrawn status Lost status Source of classification or shelving scheme Damaged status Not for loan Collection code Home library Current library Date acquired Source of acquisition Cost, normal purchase price Total Checkouts Full call number Barcode Date last seen Copy number Cost, replacement price Koha item type
    Dewey Decimal Classification   Not For Loan Non-fiction D.B.Act.Division D.B.Act.Division 13/09/2011 DBAD/PUB 110.00   485 MOH EN-87212 13/09/2011 1 110.00 English Books

© Delhi Public Library
Hit Counter
free hit counter